Ukrajina v systéme európskej integrácie diplomová práca

Saved in:
Bibliographic Details
Main Author: Dorchynets, Yana
Corporate Author: Fakulta medzinárodných vzťahov EU. Katedra medzinárodných ekonomických vzťahov a hospodárskej diplomacie
Other Authors: Lipková, Ľudmila
Format: Book
Language:Russian
Slovak
Published: Bratislava 2016
Tags: Add Tag
No Tags, Be the first to tag this record!

MARC

LEADER 00000nbm a2200000 4500
001 0218100
005 20170209153514.0
041 0 |a rus 
041 0 |a slo 
044 |a SK 
245 1 0 |a Ukrajina v systéme európskej integrácie  |b diplomová práca  |c Yana Dorchynets ; školiteľ: Ľudmila Lipková 
264 1 |a Bratislava  |c 2016 
300 |a 77 s. 
100 1 |a Dorchynets, Yana 
700 1 |a Lipková, Ľudmila 
710 2 |a Fakulta medzinárodných vzťahov EU. Katedra medzinárodných ekonomických vzťahov a hospodárskej diplomacie